000
00292 a2200133 4500
001
48035
040
_c
Anchieta - Aquarius
100
_a
Alencar, José de
240
1
0
_a
A alma do lázaro
_l
por
245
1
0
_a
A alma do lázaro
300
_a
44
650
4
_a
Literatura brasileira
942
_c
BK
999
_c
48035
_d
48035